000 01033nam a22002297a 4500
005 20101125140519.0
008 101125t xxu||||| |||| 00| 0 mar d
010 _aMAR-20403
020 _c100.00
035 _aMR-13061
037 _bDBAD / PUB
040 _aDPL
_bMR
082 _a891.461
100 _aदेशपांडे,अशोक विनायक
_924453
245 _aआमची कैफियत /
_cअशोक विनायक देशपांडे
246 _aAamachi Keffiyat
_bby Ashok Vinayak Deshpande
260 _aनागपूर
_bवैष्णव प्रकाशन
_c2010
270 _aघ न 3457 नवीन सुभेदार नगर
_bनागपूर
300 _a115पृ
_c21सेमी (अजिल्द)
942 _2ddc
_cMR
_h891.461
_mदेशपां
999 _c48806
_d48806